To Walk Together with Men, Hand in Hand Interview with Rebecca Onyango
Krátky rozhovor s Keňankou Rebeccou Onyangovou o rodovej nerovnosti a nespravodlivosti, klimatickej zmene, úlohe EÚ a Číny v rozvoji Afriky.
Saved in:
| Main Author: | |
|---|---|
| Other Authors: | |
| Format: | Book Chapter |
| Language: | English |
| Subjects: | |
| Tags: |
No Tags, Be the first to tag this record!
|
MARC
| LEADER | 00000nla a2200000 4500 | ||
|---|---|---|---|
| 001 | 0243079 | ||
| 005 | 20240502083652.2 | ||
| 041 | 0 | |a eng | |
| 044 | |a DE | ||
| 245 | 1 | 0 | |a To Walk Together with Men, Hand in Hand |b Interview with Rebecca Onyango |c Naďa Kovalčíková, Rebecca Onyango |
| 520 | |a Krátky rozhovor s Keňankou Rebeccou Onyangovou o rodovej nerovnosti a nespravodlivosti, klimatickej zmene, úlohe EÚ a Číny v rozvoji Afriky. | ||
| 610 | 2 | 0 | |a vzťahy medziľudské |
| 610 | 2 | 0 | |a vzťahy genderové |
| 610 | 2 | 0 | |a zmeny klimatické |
| 610 | 2 | 0 | |a vzťahy medzinárodné |
| 610 | 2 | 0 | |a ženy |
| 610 | 2 | 0 | |a muži |
| 610 | 2 | 0 | |a diskriminácia rodová |
| 610 | 2 | 0 | |a nerovnosť rodová |
| 610 | 2 | 0 | |a bezpečnosť |
| 610 | 2 | 0 | |a mládež |
| 610 | 2 | 0 | |a Afrika |
| 610 | 2 | 0 | |a Čína |
| 610 | 2 | 0 | |a Európska únia |
| 100 | 1 | |a Kovalčíková, Naďa | |
| 700 | 1 | |a Onyango, Rebecca | |